The illuminator / Brenda Rickman Vantrease.
Available copies
- 1 of 1 copy available at LARL/NWRL Consortium.
- 1 of 1 copy available at Lake Agassiz Regional Library. (Show preferred library)
Current holds
0 current holds with 1 total copy.
Show Only Available Copies
| Location | Call Number / Copy Notes | Barcode | Shelving Location | Status | Due Date |
|---|---|---|---|---|---|
| Moorhead Public Library | Van (Text) | 33500008051351 | Main | Available | - |
Record details
- ISBN: 0312331916
- Physical Description: 406 p. ; 25 cm.
- Edition: 1st ed.
- Publisher: New York : St. Martin's Press, c2005.
Search for related items by subject
| Genre: | Historical fiction. |
| LDR | 01234cam a2200349 a 4500 | ||
|---|---|---|---|
| 001 | 57501 | ||
| 003 | LARL_NWRL_CONSORTIUM | ||
| 005 | 20050310092301.0 | ||
| 008 | 041229s2005 nyu 000 1 eng | ||
| 010 | . | ‡a2004030095 | |
| 020 | . | ‡a0312331916 | |
| 024 | 3 | . | ‡a9780312331917 |
| 035 | . | ‡a(OCoLC)57392228 | |
| 040 | . | ‡aDLC ‡cDLC ‡dOCO ‡dC#P | |
| 043 | . | ‡ae-uk--- | |
| 082 | 0 | 0. | ‡a813/.6 ‡222 |
| 100 | 1 | . | ‡aVantrease, Brenda Rickman. ‡0(LARL_NWRL_CONSORTIUM)193326 |
| 245 | 1 | 4. | ‡aThe illuminator / ‡cBrenda Rickman Vantrease. |
| 250 | . | ‡a1st ed. | |
| 260 | . | ‡aNew York : ‡bSt. Martin's Press, ‡cc2005. | |
| 300 | . | ‡a406 p. ; ‡c25 cm. | |
| 651 | 0. | ‡aGreat Britain ‡xHistory ‡y14th century ‡vFiction. | |
| 650 | 0. | ‡aIllumination of books and manuscripts ‡vFiction. | |
| 630 | 0 | 0. | ‡aBible ‡xTranslating ‡zGreat Britain ‡vFiction. |
| 650 | 0. | ‡aInheritance and succession ‡vFiction. ‡0(LARL_NWRL_CONSORTIUM)165197 | |
| 650 | 0. | ‡aScribes ‡vFiction. | |
| 650 | 0. | ‡aWidows ‡vFiction. ‡0(LARL_NWRL_CONSORTIUM)167902 | |
| 655 | 7. | ‡aHistorical fiction. ‡2gsafd | |
| 901 | . | ‡a57501 ‡bOCLC ‡c57501 ‡tbiblio | |

Add to basket
Permalink
Disable Highlighting